A narrative of enhanced professionalism : educational researchers and popular storybooks about schoolpeople (Record no. 73183)

MARC details
000 -CABECERA
campo de control de longitud fija 00664nam a2200217 a 4500
005 - FECHA Y HORA DE LA ÚLTIMA TRANSACCIÓN
campo de control 20210219153304.0
008 - ELEMENTOS DE LONGITUD FIJA--INFORMACIÓN GENERAL
campo de control de longitud fija 991125n 000 0 u
035 ## - NÚMERO DE CONTROL DEL SISTEMA
Número de control de sistema UPN01000088783
222 ## - TÍTULO CLAVE
Título clave EDUCATIONAL RESEARCHER
245 ## - MENCIÓN DE TÍTULO
Título A narrative of enhanced professionalism : educational researchers and popular storybooks about schoolpeople
300 ## - DESCRIPCIÓN FÍSICA
Extensión 15-24
362 ## - FECHAS DE PUBLICACIÓN Y/O DESIGNACIÓN SECUENCIAL
Fecha de publicación y/o designación secuencial 21, No. 8, 1992
505 ## - NOTA DE CONTENIDO CON FORMATO PREESTABLECIDO
Nota de contenido con formato Octubre 1993
653 0# - TERMINO DE INDIZACION - NO CONTROLADO
Término no controlado AUTONOMIA PROFESIONAL
653 0# - TERMINO DE INDIZACION - NO CONTROLADO
Término no controlado INVESTIGACION EN CIENCIAS SOCIALES
653 0# - TERMINO DE INDIZACION - NO CONTROLADO
Término no controlado INVESTIGADORES EDUCATIVOS
653 0# - TERMINO DE INDIZACION - NO CONTROLADO
Término no controlado PERSONAL ESCOLAR
653 0# - TERMINO DE INDIZACION - NO CONTROLADO
Término no controlado RELATO DEL CUENTO
904 ## - ELEMENTOS DE DATOS D LOCAL, LDD (RLIN)
a AC
b 026594
905 ## - TIPO DE MATERIAL
Tipo de material Articulo

No items available.